ბათუმის შოთა რუსთაველის სახელმწიფო უნივერსიტეტის ბიბლიოთეკა

Improving teaching with collaborative action research (ბიბ.ჩანაწერი № 49703)

000 -LEADER
fixed length control field 00766nam a2200265Ia 4500
001 - CONTROL NUMBER
control field 16637
003 - CONTROL NUMBER IDENTIFIER
control field GE_BSU
005 - DATE AND TIME OF LATEST TRANSACTION
control field 20200131151835.0
008 - FIXED-LENGTH DATA ELEMENTS--GENERAL INFORMATION
fixed length control field 181216s||||||||xx |||||||||||||| ||und||
020 ## - INTERNATIONAL STANDARD BOOK NUMBER
International Standard Book Number ISBN 9781416611622 (pbk.alk. paper)
040 ## - CATALOGING SOURCE
Transcribing agency GE_BSU
080 ## - UNIVERSAL DECIMAL CLASSIFICATION NUMBER
Universal Decimal Classification number 37
100 ## - MAIN ENTRY--PERSONAL NAME
Personal name Cunningham, Diane
9 (RLIN) 6649
245 ## - TITLE STATEMENT
Title Improving teaching with collaborative action research
245 #3 - TITLE STATEMENT
Remainder of title an ASCD action tool
260 ## - PUBLICATION, DISTRIBUTION, ETC.
Place of publication, distribution, etc. Alexandria,VA.
260 ## - PUBLICATION, DISTRIBUTION, ETC.
Name of publisher, distributor, etc. ASCD
260 ## - PUBLICATION, DISTRIBUTION, ETC.
Date of publication, distribution, etc. 2011
300 ## - PHYSICAL DESCRIPTION
Extent ix, 195 p, ill,28 cm.
653 ## - INDEX TERM--UNCONTROLLED
keyword Action research in education. Teachers--In-service training. Group work in education.
653 ## - INDEX TERM--UNCONTROLLED
keyword განათლება
653 ## - INDEX TERM--UNCONTROLLED
keyword პედაგოგიკა
942 ## - ADDED ENTRY ELEMENTS (KOHA)
Koha item type წიგნი
Source of classification or shelving scheme
ეგზემპლარები
Withdrawn status Lost status Source of classification or shelving scheme Damaged status Not for loan Permanent Location Current Location Shelving location Date acquired Cost, normal purchase price Full call number Barcode Date last seen Copy number Price effective from Koha item type Public note
          ბათუმის შოთა რუსთაველის სახელმწიფო უნივერსიტეტის მთავარი ბიბლიოთეკა ბათუმის შოთა რუსთაველის სახელმწიფო უნივერსიტეტის მთავარი ბიბლიოთეკა წიგნსაცავი 2018-12-17 114.00 37 C-94 45133 2018-12-17 45133 2018-12-17 წიგნი 114 gel.